Big agents to cut jobs as slowdown fears mount (Record no. 68866)
[ view plain ]
| 000 -LEADER | |
|---|---|
| fixed length control field | 00809cam a2200217 4500 |
| 001 - CONTROL NUMBER | |
| control field | WB3744-11 |
| 008 - FIXED-LENGTH DATA ELEMENTS--GENERAL INFORMATION | |
| fixed length control field | 011120n2001 000 0 eng u |
| 035 ## - SYSTEM CONTROL NUMBER | |
| System control number | (Sirsi) u115639 |
| 245 ## - TITLE STATEMENT | |
| Title | Big agents to cut jobs as slowdown fears mount |
| 260 ## - PUBLICATION, DISTRIBUTION, ETC. | |
| Date of publication, distribution, etc. | 2001 |
| 490 ## - SERIES STATEMENT | |
| Series statement | Estates Gazette |
| Volume/sequential designation | (0146) 17 November 2001, 46(1) |
| 520 ## - SUMMARY, ETC. | |
| Summary, etc. | Big property agents are starting to announce redundancies and cost cutting measures as the market starts to go into a downturn. Residential divisions of FPDSavills and Knight Frank are affected by these actions. Medium sized agents are also reviewing their budgets. |
| 590 ## - LOCAL NOTE (RLIN) | |
| Local note | WB |
| 650 ## - SUBJECT ADDED ENTRY--TOPICAL TERM | |
| Topical term or geographic name entry element | FPD SAVILLS |
| 650 ## - SUBJECT ADDED ENTRY--TOPICAL TERM | |
| Topical term or geographic name entry element | KNIGHT FRANK |
| 650 ## - SUBJECT ADDED ENTRY--TOPICAL TERM | |
| Topical term or geographic name entry element | HAMPTONS |
| 650 ## - SUBJECT ADDED ENTRY--TOPICAL TERM | |
| Topical term or geographic name entry element | PROPERTY AGENTS |
| 650 ## - SUBJECT ADDED ENTRY--TOPICAL TERM | |
| Topical term or geographic name entry element | ECONOMIC DOWNTURN |
| 690 ## - LOCAL SUBJECT ADDED ENTRY--TOPICAL TERM (OCLC, RLIN) | |
| Topical term or geographic name as entry element | ECONOMIC ISSUES |
| 942 ## - ADDED ENTRY ELEMENTS (KOHA) | |
| Suppress in OPAC | 0 |
| Withdrawn status | Lost status | Source of classification or shelving scheme | Damaged status | Not for loan | Home library | Current library | Shelving location | Date acquired | Total Checkouts | Full call number | Barcode | Date last seen | Copy number | Price effective from | Koha item type |
|---|---|---|---|---|---|---|---|---|---|---|---|---|---|---|---|
| Dewey Decimal Classification | London | London | News article | 20/11/2001 | WB3744-11 | 115639-1001 | 06/08/2019 | 1 | 06/08/2019 | News article |